The Two-Stroke Cycle Engine : Its Development, Operation, and Design /

Contenido: 1. Visión general, antecedentes e historia; 2. Fundamentos del intercambio de gases; 3. Métodos experimentales para la cuantificación del proceso de barrido; 4. Modelos matemáticos del proceso de barrido; 5. Diseño del sistema de puerto, válvula, consumo y escape; 6. Combustión; 7. Formac...

Πλήρης περιγραφή

Αποθηκεύτηκε σε:
Λεπτομέρειες βιβλιογραφικής εγγραφής
Κύριος συγγραφέας: Heywood, John B. (autor)
Άλλοι συγγραφείς: Sher, Eran (autor) (autor)
Μορφή: Βιβλίο
Γλώσσα:Αγγλικά
Έκδοση: Nueva York, EUA : Warrendale, EUA : Taylor and Francis ; SAE International, 1999, c1999
Σειρά:(Combustion, An International Series)
Θέματα:
Ετικέτες: Προσθήκη ετικέτας
Δεν υπάρχουν, Καταχωρήστε ετικέτα πρώτοι!

MARC

LEADER 00000nam^a2200000^a^4500
001 000380665
005 20250521000000.0
009 20260310120614.856
020 |a 978-0-56032-831-5 
037 |a Acervo ITESO - Biblioteca 
041 |a ING 
082 |a 621. 43  |b HEY 
100 |a Heywood, John B.  |e (autor) 
245 1 4 |a The Two-Stroke Cycle Engine :  |b Its Development, Operation, and Design /  |c J.B. Heywood, E. Sher. 
264 4 |a Nueva York, EUA :  |b Taylor and Francis ;  |a Warrendale, EUA :  |b SAE International,  |c 1999, c1999 
300 |a XIX, 451 p. 
336 |a texto  |b txt  |2 rdacontenido 
337 |a sin mediación  |b n  |2 rdamedio 
338 |a volumen  |b nc  |2 rdasoporte 
440 1 |a (Combustion, An International Series) 
520 |a Contenido: 1. Visión general, antecedentes e historia; 2. Fundamentos del intercambio de gases; 3. Métodos experimentales para la cuantificación del proceso de barrido; 4. Modelos matemáticos del proceso de barrido; 5. Diseño del sistema de puerto, válvula, consumo y escape; 6. Combustión; 7. Formación y control de las emisiones; 8. Fricción, lubricación y desgaste; 9. Características de funcionamiento de los motores de dos tiempos. 
649 |a XX 
650 |a Motores de Dos Tiempos -  |x Tema Principal 
650 |a Motores de Pistón 
650 |a Motores de Combustión Interna 
650 |a Energía Mecánica 
650 |a Ingeniería Mecánica 
700 |a Sher, Eran  |e (autor) 
910 |a Fondo General 
920 |a Impresos - Libros 
930 |a Colección General 
905 |a 101 
901 |a 0500275350  |b IT1  |c ACC  |i C151966  |u 20250521 
902 |a https://opac.biblio.iteso.mx/vufind/Record/000380665